Politics aestheitcs and culture (Record no. 167223)

MARC details
000 -LEADER
fixed length control field 00674nam a2200241Ia 4500
003 - CONTROL NUMBER IDENTIFIER
control field OSt
005 - DATE AND TIME OF LATEST TRANSACTION
control field 20220918181922.0
008 - FIXED-LENGTH DATA ELEMENTS--GENERAL INFORMATION
fixed length control field 220917b |||||||| |||| 00| 0 eng d
037 ## - SOURCE OF ACQUISITION
Terms of availability Textual
040 ## - CATALOGING SOURCE
Original cataloging agency ARTS
Transcribing agency ARTS
Language of cataloging eng
041 ## - LANGUAGE CODE
Source of code eng
Language code of text/sound track or separate title eng
100 ## - MAIN ENTRY--PERSONAL NAME
Personal name Kaushik Asha
9 (RLIN) 25158
245 #0 - TITLE STATEMENT
Title Politics aestheitcs and culture
Remainder of title a study of Indo Anglian political novel
260 ## - PUBLICATION, DISTRIBUTION, ETC.
Place of publication, distribution, etc. N.Delhi
Name of publisher, distributor, etc. Manohar
Date of publication, distribution, etc. 1988
300 ## - PHYSICAL DESCRIPTION
Extent 195p.
Dimensions cm.
650 ## - SUBJECT ADDED ENTRY--TOPICAL TERM
Topical term or geographic name entry element ENGLISH LITERATURE
942 ## - ADDED ENTRY ELEMENTS (KOHA)
Classification part O111,3:g(W), M8
Koha item type Textual
Source of classification or shelving scheme Colon Classification (CC)
Holdings
Withdrawn status Lost status Damaged status Not for loan Home library Current library Date acquired Total Checkouts Full call number Barcode Date last seen Price effective from Koha item type
        Arts Library Arts Library 2022-09-18   O111,3:g(W) M8 AL1130212 2022-09-18 2022-09-18 Textual
Copyright @ Delhi University Library System